Регионална библиотека "Любен Каравелов" - Русе

Прогресът в животинското и растителното царства (Запис номер 390008)

MARC детайли
000 -Лидер
Контролно поле с фиксирана дължина nam a22 a 4500
003 - Код на организацията, давaща контролен номер
Контролно поле BLK
005 - Дата и час на последна редакция
Контролно поле 20201013133246.0
008 - Елементи от данни с фиксирана дължина
fixed length control field 200316b bul|||||r ||||||| ||bul||
010 ## - Наследен системен номер
LC control number KNG00191234RET
040 ## - Източник на каталожния запис
Идентификатор на билиотеката - собственик на записа BLK
041 ## - Код за език
Код за езика на текст/звукозапис или на отделно заглавие Български
Код за езика КДБФ Български
080 ## - УДК
Текстов определител УДК Еволюционно учение. Дарвинизъм. Видообразуване. Филогенез - Борба за съществуване, изолация, адаптация, отбор и др. Биомакромолекули, молекулярна еволюция, клетки и субклетъчни структури, тъ
УДК код - определител по УДК 575.8
УДК - код + определител 575.8
100 ## - Редна дума - Автор
Автор Писарев, Дмитрий Иванович
Авторска отговорност първи автор
R(LIN) 323908
139 ## - Редно поле
Редна дума Писарев, Дмитрий Иванович
245 10 - Сведения за заглавието
Заглавие Прогресът в животинското и растителното царства
Подзаглавни данни Попул. изложение на Дарвиновата теория
Редно поле (дума) Дмитрий Иванович Писарев.
257 ## - Страна на издаване
Страна на създаване/издаване България
260 ## - Област на издателските данни
Място на издаване, разпространение и проч. Разград
Име на издателя, разпространителя и проч. Христо Килифарски
Година на издаване 1895
Печатница Разград : печ. Килифарски и сие, 1895
9 (RLIN) 217697
300 ## - Физическа характеристика
Страници 228 с.
Размери/Мащаб 25 см
380 ## - Жанр
Жанр Естествени науки. Математика
490 1# - СЕРИИ (Колекции)
Име на серия Научна библиотека
№: серия - 2
490 ## - СЕРИИ (Колекции)
Име на серия Колекция Редки и ценни издания
9 (RLIN) 435080
500 ## - Общи забележки
Забележка (Цена в кумул.) : 2 лв.
600 14 - Име на лице, използвано като предмет
За него / За нея Дарвин, Чарлс Робърт
9 (RLIN) 58759
650 #7 - Допълнително описание по предмет – тема
9 (RLIN) 152842
Основно описание – тема или топоним Дарвинизъм
653 #7 - Ключова дума – ненормативна
Ключова дума растения
9 (RLIN) 195288
653 #7 - Ключова дума – ненормативна
Ключова дума животни
9 (RLIN) 186633
653 #7 - Ключова дума – ненормативна
Ключова дума еволюция
9 (RLIN) 185767
852 ## - Местоположение
Форматна сигнатура Рб 895
Фондова буква Редки и ценни
856 4# - Електронен адрес и достъп
Електронен формат pdf - файл
Път до файла /url/
999 ## - СИСТЕМНИ КОНТРОЛНИ НОМЕРА
Koha biblionumber 390008
Koha biblioitemnumber 390008
942 ## - АРТИКУЛИ
Вид на библиотечния материал Книги
Скрит в OPAC Не
Периодичен библиозапис Да
944 ## - СЪЗДАВАНЕ И РЕДАКЦИЯ на ЗАПИСА
Създаване/Редакция Създаване
Дата на регистрацията/редакция 2020-10-13
Служител, извършил регистрацията/редакцията Ренета Константинова
999 ## - СИСТЕМНИ КОНТРОЛНИ НОМЕРА
Koha biblioitemnumber 523335
Наличности
Код за отписване Код за изгубен артикул Източник на класификационната схема Код за повреда Коз за рестрикции Код за отдаване Артикулен № Име на библиотеката - собственик Име на библиотеката, в която се намира в момента Статус (Текущо местоположение) Дата на вписване в системата Местоположение - отдел Цена в лева Инвентарен номер Систематично азбучна сигнатура Баркод Цена в евро Служебен тип на артикула
  Не е изгубен Universal Decimal Classification Не е повреден само за читалня Специални фондове ( старопечатни, редки и ценни, фонд М. Арнаудов) 803511 Регионална библиотека "Любен Каравелов" Русе Регионална библиотека "Любен Каравелов" Русе Редки и ценни 2020-10-15 Редки и ценни 0.18 8619 Рб 895 900000021200 0.09 Книги
Vip Innovations Ltd, Rousse, Bulgaria 2025